Statistiken für Chemie: Elemente erraten (schwieriger)

Klicken Sie hier um das Quiz zu spielen!

Allgemein

  • Dieses Quiz wurde 57 mal gespielt
  • Das Durchschnittsergebnis liegt bei 14 aus 21

Antwortstatistiken

Element% Korrekt
Bor
100%
Brom
100%
Iod
100%
Neon
100%
Zinn
100%
Blei
95%
Chlor
91%
Xenon
91%
Aluminium
89%
Kalium
87%
Fluor
86%
Arsen
85%
Radon
85%
Phosphor
82%
Selen
81%
Helium
80%
Magnesium
77%
Beryllium
75%
Wasserstoff
75%
Argon
70%
Krypton
68%
Schwefel
68%
Astat
67%
Gallium
67%
Calcium
65%
Silicium
65%
Indium
62%
Barium
58%
Lithium
54%
Kohlenstoff
53%
Caesium
52%
Stickstoff
52%
Sauerstoff
48%
Polonium
46%
Natrium
45%
Rubidium
44%
Bismut
43%
Tellur
43%
Thallium
38%
Strontium
36%
Germanium
35%
Antimon
28%

Verteilung der Resultate

Perzentil nach korrekt beantworteten Fragen

Anzahl Personen mit jedem Resultat

Ihre Resultats-Entwicklung

Sie haben dieses Quiz noch nicht gespielt